000 00416nam a2200169Ia 4500
008 230524s9999 xx 000 0 und d
082 _a621.3812
_bFRA
100 _aJ.H.Franz
245 0 _aOptical Communication : Components And Systems
250 _a1ST
260 _aNEW DELHI
_bNarosa
_c2000
300 _a717
500 _aQuantity Number: 2
650 _aElectronics
700 _a V.K.Jain
942 _cBK
999 _c19493
_d19493